Protezione del diritto di autore e dei diritti connessi (Record n. 68294)
[ formato base ]
| 000 -LEADER | |
|---|---|
| fixed length control field | 01678nam a2200301Ia 4500 |
| 001 - CONTROL NUMBER | |
| control field | 76526 |
| 003 - CONTROL NUMBER IDENTIFIER | |
| control field | IT-RoPAU |
| 008 - FIXED-LENGTH DATA ELEMENTS--GENERAL INFORMATION | |
| fixed length control field | 130308s9999 xx 000 0 und d |
| 040 ## - CATALOGING SOURCE | |
| Original cataloging agency | IT-RoPAU |
| 040 ## - CATALOGING SOURCE | |
| Transcribing agency | IT-RoPAU |
| 041 ## - LANGUAGE CODE | |
| Language code of text/sound track or separate title | ITALIANO |
| 999 ## - SYSTEM CONTROL NUMBERS (KOHA) | |
| Koha Dewey Subclass [OBSOLETE] | SI |
| 100 ## - MAIN ENTRY--PERSONAL NAME | |
| Personal name | Galtieri Gino |
| 100 ## - MAIN ENTRY--PERSONAL NAME | |
| Miscellaneous information | Codice Aut. SPICS: 6302 |
| 245 ## - TITLE STATEMENT | |
| Title | Protezione del diritto di autore e dei diritti connessi |
| 245 ## - TITLE STATEMENT | |
| Remainder of title | Protezione del Diritto di Autore e dei Diritti Connessi |
| 250 ## - EDITION STATEMENT | |
| Edition statement | 2a ed. |
| 260 ## - PUBLICATION, DISTRIBUTION, ETC. (IMPRINT) | |
| Place of publication, distribution, etc. | ROMA |
| 260 ## - PUBLICATION, DISTRIBUTION, ETC. (IMPRINT) | |
| Name of publisher, distributor, etc. | Sapere 2000 Srl |
| 260 ## - PUBLICATION, DISTRIBUTION, ETC. (IMPRINT) | |
| Date of publication, distribution, etc. | 1989 [1° Ed.:1988 - Ed.Ling.Originale:1988] |
| 300 ## - PHYSICAL DESCRIPTION | |
| Extent | "360 p. (prefazione: no ; testo: 360 [pagine: 0-0])" |
| 500 ## - GENERAL NOTE | |
| General note | Diritto di Autore nella legislazione Italiana Opere Protette Oggetto di Diritto soggetti del Diritto Diritti Esclusivi di utilizzazione Economica Disposizioni particolari per Alcune Categorie di Opere Durata dei Diritti Patrimoniali Limitazioni dei Diritti Patrimoniali dell'Autore Trasmissione dei Diritti Patrimoniali Difese e sanzioni a tutela del Diritto di Autore Diritto di Autore e nuove tecnologie di Riproduzione e Diffusione Diritti connessi nella legislazione Italiana Contenuto dei Diritti connessi Diritto di Autore nelle convenzioni internazionali Organizzazioni internazionali Convenzione di Berna Diritti connessi nelle convenzioni internazionali Convenzione di Roma Sui Diritti connessi Accordi Europei in materia di Radiodiffusioneorganizzazione Amministrativa del Diritto di Autore vigilanza Sulla Siae leggi e Decreti Italiani Sul Diritto di Autore |
| 650 ## - SUBJECT ADDED ENTRY--TOPICAL TERM | |
| Topical term or geographic name as entry element | DIRITTO GENERALE |
| 650 ## - SUBJECT ADDED ENTRY--TOPICAL TERM | |
| Relator term | Codice materia Spics: 4601 |
| 942 ## - ADDED ENTRY ELEMENTS (KOHA) | |
| Koha item type | LIBRO |
| 957 ## - | |
| -- | 1 |
| 999 ## - SYSTEM CONTROL NUMBERS (KOHA) | |
| -- | 1 |
| Withdrawn status | Lost status | Damaged status | Not for loan | Home library | Current library | Date acquired | Total Checkouts | Full call number | Date last seen | Price effective from | Koha item type | Public note |
|---|---|---|---|---|---|---|---|---|---|---|---|---|
| Buone Condizioni | Not For Loan | SPICS-MEDIATECA | SPICS-MEDIATECA | 08/03/2013 | 76526 | 08/03/2013 | 08/03/2013 | LIBRO | Progressivo inserimento: 20565 / N. Volumi: 1 Copie: 1 Copia Rara: SI / data import: 1 marzo 2013 - By Epidotti, Trombetti, Vaglietti. |